Statistiques concernant Les plus grandes villes du Brésil

Cliquez ici pour prendre le quiz!

Statistiques générales

  • Ce quiz a été pris 539 fois
  • Le résultat moyen est 8 sur 14

Statistiques - réponses

PopulationVilles% Correct
6 748 953Rio de Janeiro
99%
12 336 259São Paulo
98%
2 455 903Brasília
95%
1 612 475Manaus
69%
2 412 937Belo Horizonte
66%
1 533 580Recife
65%
3 658 257Salvador da Bahia
62%
2 431 415Fortaleza
56%
1 420 667Porto Alegre
53%
1 408 847Belém
48%
1 797 408Curitiba
41%
1 244 645Goiânia
16%
1 039 297Campinas
13%
1 236 192Guarulhos
5%

Distribution des résultats

Percentile par nombre de réponses

% des personnes avec chaque résultat

Votre développement - résultats

Vous n’avez pas pris ce quiz